[Event "Paris Apsap op 59th"]
[Site "Paris"]
[Date "2002.12.22"]
[Round "2"]
[White "Afek, Yochanan"]
[Black "Benusilho, Laurent"]
[Result "1-0"]
[WhiteElo "2324"]
[BlackElo "2022"]
[PlyCount "55"]
[EventDate "2003.01.07"]
[EventType "swiss"]
[EventRounds "7"]
[EventCountry "FRA"]
[SourceTitle "EXT 2004"]
[Source "ChessBase"]
[SourceDate "2003.11.25"]
[SourceVersion "1"]
[SourceVersionDate "2003.11.25"]
[SourceQuality "1"]

1. e4 c5 2. Nf3 d6 3. d4 cxd4 4. Nxd4 Nf6 5. Nc3 e6 6. Bc4 a6 7. Bb3 Qc7 8. Be3 Nc6 9. Qe2 b5 10. 0-0-0 Be7 11. f3 Na5 12. g4 Nxb3+ 13. axb3 Bb7 14. Kb1 Rc8 15. h4 b4 16. Na4 Nd7 17. g5 Nc5 18. h5 e5 19. Nf5 Rg8 20. Nxc5 dxc5 21. g6 fxg6 22. hxg6 hxg6 23. Qc4 Kf8 24. Nh6 gxh6 25. Bxh6+ Rg7 26. Bxg7+ Kxg7 27. Rh7+ Kxh7 28. Qf7+ 1-0